Technologická náročnost a zahraniční investice v konkurenční výhodě České republiky
Hodnotenie pozície Českej republiky pri rozvoji kvalitatívne založenej konkurenčnej výhody. Význam technologickej zmeny a kvalitatívnej konkurenčnej výhody. Technologická zmena, rast a konkurencieschopnosť. Zdroje konkurenčnej výhody. Hodnotový reťazec. Internacionalizácia produkcie a obchodu. Znalo...
Uložené v:
| Hlavný autor: | |
|---|---|
| Médium: | Kapitola |
| Jazyk: | Czech |
| Predmet: | |
| Tagy: |
Žiadne tagy, Buďte prvý, kto otaguje tento záznam!
|
MARC
| LEADER | 00000naa$a2200000$$$4500 | ||
|---|---|---|---|
| 001 | 0059185 | ||
| 005 | 20231019131137.0 | ||
| 041 | 0 | |a cze | |
| 044 | |a CZ | ||
| 245 | 1 | 0 | |a Technologická náročnost a zahraniční investice v konkurenční výhodě České republiky |c Anna Kadeřábková |
| 520 | |a Hodnotenie pozície Českej republiky pri rozvoji kvalitatívne založenej konkurenčnej výhody. Význam technologickej zmeny a kvalitatívnej konkurenčnej výhody. Technologická zmena, rast a konkurencieschopnosť. Zdroje konkurenčnej výhody. Hodnotový reťazec. Internacionalizácia produkcie a obchodu. Znalostne náročné aktivity zahraničných firiem. | ||
| 610 | 2 | 0 | |a konkurencieschopnosť |
| 610 | 2 | 0 | |a výhody konkurenčné |
| 610 | 2 | 0 | |a investície zahraničné |
| 610 | 2 | 0 | |a Česko |
| 610 | 2 | 0 | |a zmeny technologické |
| 610 | 2 | 0 | |a stratégia inovačná |
| 610 | 2 | 0 | |a internacionalizácia ekonomiky |
| 100 | 1 | |a Kadeřábková, Anna | |